Normale Ansicht MARC-Ansicht ISBD

Nacional'no-gosudarstvennye preobrazovanija na Kavkaze (Titelsatznr. 73776)

[ MARC ]
MARC-Details
000 -Satzkennung
Kontrollfeld mit fester Länge 01367nam a22003613u 4500
001 - Kontrollnummer
Kontrollfeld DHIM2026022310050027
003 - Kontrollnummer Identifier
Kontrollfeld RU-10907106
005 - Datum und Zeit der letzten Transaktion
Kontrollfeld 20260224145027.0
007 - Feld mit fester Länge zur physischen Beschreibung - Allgemeine Information
Kontrollfeld mit fester Länge tu
008 - Feld mit fester Länge zur physischen Beschreibung - Allgemeine Angaben
Kontrollfeld mit fester Länge 260223s2020 ru ||| ||| 100 0 rus d
020 ## - Internationale Standardbuchnummer
Verknüpfung 978-5-4358-0208-5
Internationale Standardbuchnummer 9785435802085
040 ## - Katalogisierungsquelle
Original-Katalogisierungsstelle RU-10907106
Katalogisierungssprache ger
Übertragungsstelle RU-10907106
041 ## - Sprachcode
Sprachcode des Textes/der Tonspur oder des separaten Titels rus
100 1# - Haupteintragung - Personenname
Funktionsbezeichnungscode edt
Personenname Matišov, G. G.
Koha-Normdatenidentnummer 68548
111 ## - Haupteintragung - Kongressname
Kongress- oder Gebietskörperschaftsname als Eintragungselement Materialy VII Meždunarodnogo foruma istorikov-kavkazovedov
Ort des Kongresses Rostov-na-Donu
Datum des Kongresses 12-13 nojabra 2020
Koha-Normdatenidentnummer 68549
245 #0 - Titel
Titel Nacional'no-gosudarstvennye preobrazovanija na Kavkaze
Zusatz zum Titel Opyt prošlogo i sovremennye tendencii
264 #1 - Produktion, Veröffentlichung, Distribution, Herstellung und Urheberrechtsvermerk
Herstellungs-, Veröffentlichungs- Vertriebs-, Erzeugungsort Rostov-na-Donu
Produzent, Herausgeber, Distributor, Hersteller Izdatel'stvo JUNC RAN
Datum der Herstellung, der Veröffentlichung, des Vertriebs oder des Urheberschutzvermerks 2020
300 ## - Physische Beschreibung
Umfang 464 Seiten
336 ## - Inhaltstyp
Quelle rdacontent
Inhaltstypterm Text
Inhaltstypcode txt
337 ## - Medientyp
Quelle rdamedia
Bezeichnung des Medientyps Ohne Hilfsmittel zu benutzen
Medientypcode n
338 ## - Datenträgertyp
Quelle rdacarrier
Datenträgertypbezeichnung Band
Datenträgertypcode nc
650 ## - Nebeneintragung unter einem Schlagwort - Sachschlagwort
Sachschlagwort oder geografischer Name als Eintragungselement Ethnische Gruppe
Koha-Normdatenidentnummer 2000
650 ## - Nebeneintragung unter einem Schlagwort - Sachschlagwort
Sachschlagwort oder geografischer Name als Eintragungselement Nationalismus
650 ## - Nebeneintragung unter einem Schlagwort - Sachschlagwort
Sachschlagwort oder geografischer Name als Eintragungselement Imperialismus
651 ## - Nebeneintragung unter einem Schlagwort - Geografischer Name
Geografischer Name Kaukasus
700 1# - Nebeneintragung - Personenname
Funktionsbezeichnungscode edt
Personenname Krinko, E. F.
Koha-Normdatenidentnummer 68550
710 ## - Nebeneintragung - Körperschaftsname
Körperschafts- oder Gebietskörperschaftsname als Eintragungselement Federal'nyj issledovatel'skij centr južnyj naučnyj centr rossijskoj akademii nauk
Koha-Normdatenidentnummer 68551
710 ## - Nebeneintragung - Körperschaftsname
Körperschafts- oder Gebietskörperschaftsname als Eintragungselement Južnyj federal'nyj universitet
Koha-Normdatenidentnummer 68552
710 ## - Nebeneintragung - Körperschaftsname
Körperschafts- oder Gebietskörperschaftsname als Eintragungselement Akademija nauk čečenskoj respubliki
Koha-Normdatenidentnummer 68553
710 ## - Nebeneintragung - Körperschaftsname
Körperschafts- oder Gebietskörperschaftsname als Eintragungselement Gumanitarnyj fond "kavkaz - novye gorizonty"
Koha-Normdatenidentnummer 68554
710 ## - Nebeneintragung - Körperschaftsname
Körperschafts- oder Gebietskörperschaftsname als Eintragungselement Fond regional'nych issledovanij "strana"
Koha-Normdatenidentnummer 68555
942 ## - Zusätzliche Felder (Koha)
Klassifikation oder Aufstellungssystematik Andere/Generische Klassifikation
Koha-Medientyp Monographien
Exemplare
Ausgeschieden Verloren Klassifikation oder Aufstellungssystematik Beschädigt Nicht entleihbar Heimatbibliothek Aufenthaltsbibliothek Erwerbungsdatum Inventarnummer Signatur Barcode Letzte Aktivität Preis gültig von Koha-Medientyp
    Andere/Generische Klassifikation     MWN Osteuropa MWS-Büro Georgien 13/11/2025 26-00051 W 10 G n Kaukas 3 76708 23/02/2026 23/02/2026 Monographien